Podstawowa wiedza geograficzna - Statystyki

Ogólne statystyki
  • Ten quiz został rozwiązany 136 razy
  • Średni wynik to 13 z 15
Statystyki odpowiedzi
Wskazówka Odpowiedź % Poprawnych
Stolica Wielkiej Brytanii Londyn
100%
Największe państwo świata Rosja
100%
Liczba kontynentów Siedem
100%
Stolica Polski Warszawa
99%
Najmniejsze państwo świata Watykan
98%
Najwyższa góra świata Mount Everest
96%
Liczba stanów w Stanach Zjednoczonych Pięćdziesiąt
96%
Najdłuższa rzeka świata Nil / Amazonka
95%
Kraj który ma kształt przypominający but Włochy
95%
Najwyższa góra w Polsce Rysy
91%
Pizza z ananasem ma nazwę tych wysp Hawaje
87%
Pasmo górskie np. w Polsce lub Słowacji Tatry
85%
Największe miasto świata Tokio
77%
Najwyższa góra Europy Elbrus
31%
Najwyższy wodospad świata Salto Angel
24%
Nie znaleziono quizów pasujących do podanych kryteriów
Rozkład punktacji
Procent ludzi z każdym wynikiem
Percentyl według liczby udzielonych odpowiedzi
Twoja historia wyników
Nie rozwiązałeś tego quizu